Представление документа в формате MARC21

Поле Инд. ПП Название Значение
Тип записи a
Библиографический уровень m
001 Контрольный номер RU/IS/BASE/313167859
005 Дата корректировки 20160914093204.3
020 a ISBN 978-5-9985-0038-1
040 a Служба первич. каталог. НБ ТвГУ
b Код языка каталог. rus
e Правила каталог. PSBO
041 0_ a Код языка текста rus
080 a Индекс УДК 37.018.1:793.7
084 a Индекс другой классификации/Индекс ББК Ч490.058.85
090 a Полочн. индекс Ч490.0
x Авторский знак М 21
100 1_ a Автор Мальцева Ирина Владимировна
q Полное имя Мальцева И. В.
245 10 a Заглавие Пальчиковые игры
b Продолж. заглавия от рождения до 3 лет
c Ответственность [ил. М. Илюхиной]
260 a Место издания Санкт-Петербург
b Издательство Азбука-классика
c Дата издания 2009
300 a Объем 79 с.
b Иллюстрации/ тип воспроизводства ил.
440 _0 a Серия Раннее развитие
520 0_ a Аннотация Пальчиковые игры - это новая книга серии «Раннее развитие», созданной специально для заботливых родителей опытными российскими специалистами. Молодые мамы и папы, стремящиеся вырастить маленького гения, конечно, знают о том, что сила и подвижность пальчиков ребенка прямо связаны с умственной и речевой деятельностью. Чем активнее пальцы рук малыша, тем увереннее идет познание и освоение окружающего мира, а значит, начинать занятия, которые помогут развитию детских ручек, нужно как можно раньше. Мять бумагу, выжимать губки, месить тесто, сжимать шарики для пинг-понга, по мнению специалиста-практика И. В. Мальцевой, не только весело, но и чрезвычайно полезно!
650 04 a Основная рубрика Семейное воспитание
650 14 a Основная рубрика Дети раннего возраста
x Основная подрубрика Воспитание в семье
650 14 a Основная рубрика Игры детские
650 14 a Основная рубрика Игры развивающие
653 0_ a Ключевые слова Воспитание в семье
a Ключевые слова Воспитание детей раннего возраста
a Ключевые слова Дети до 3 лет
a Ключевые слова Дети раннего возраста
a Ключевые слова Детские игры
a Ключевые слова Игры детей раннего возраста
a Ключевые слова Пальчиковые игры
a Ключевые слова Развивающие игры
a Ключевые слова Семейное воспитание
920 a Оператор Густ
952 c Вид литературы К рн